| 000 | 00651nam a22002057a 4500 | ||
|---|---|---|---|
| 999 |
_c196493 _d196493 |
||
| 005 | 20230705124954.0 | ||
| 010 | _aENG-137272 | ||
| 020 |
_a0198069456 _c1150.00 |
||
| 020 | _a9780198069454 | ||
| 035 | _aEN-120804 | ||
| 037 | _bDBAD/PUB | ||
| 082 | _a338.954 | ||
| 245 |
_aThe Indian Economy Problems and Prospects: _cEdit by Sulabha Brahme _bSelected writings of D.R. Gadgil/ |
||
| 260 |
_aNew Delhi _c2011 _bOxford University Press |
||
| 270 |
_aYMCA Library Building, Jai Singh Road _bNew Delhi _e110001 |
||
| 300 |
_axliv, 433pg _c25cm(hb) |
||
| 600 | _d | ||
| 700 | _aBrahme, Sulabha | ||
| 942 |
_2ddc _cEN _mIND _h338.954 |
||